| 000 | 01056nmc a2200385 a 4500 | ||
|---|---|---|---|
| 003 | AR-BaBNM | ||
| 005 | 20251128210357.0 | ||
| 008 | 030020s1997 ||||||||||||||000 | spa|| | ||
| 020 | _a950-892-041-6 | ||
| 040 | _cAR-BaBNM | ||
| 100 | 1 | _aFleury, Sonia | |
| 245 | 1 | 0 |
_aEstado sin ciudadanos _bseguridad social en América Latina |
| 260 |
_aBuenos Aires _bLugar Editorial _c1997 |
||
| 300 | 0 | _a331 p. | |
| 490 | 0 | _aSalud colectiva | |
| 504 | _aBibliografía para consultar p. 313-331 | ||
| 650 | 4 | _aPOLITICA SOCIAL | |
| 650 | 4 | _aPOLITICA DEL BIENESTAR | |
| 650 | 4 | _aPROGRAMAS SOCIALES | |
| 650 | 4 | _aRESPONSABILIDAD SOCIAL | |
| 650 | 4 | _aPOBREZA | |
| 650 | 4 | _aCONDICIONES DE VIDA | |
| 650 | 4 | _aPOLITICA SOCIAL | |
| 650 | 4 | _aPROBLEMAS SOCIALES | |
| 650 | 4 | _aPROBLEMAS POLITICOS | |
| 650 | 4 | _aSISTEMAS POLITICOS | |
| 650 | 4 | _aDEMOCRACIA | |
| 650 | 4 | _aSEGURIDAD SOCIAL | |
| 650 | 4 | _aSALUD PUBLICA | |
| 651 | 4 | _aArgentina | |
| 651 | 4 | _aAmérica Latina | |
| 800 | 1 |
_aSpinelli, Hugo _edirector |
|
| 942 | _cBK | ||
| 998 | _cMariana | ||
| 999 |
_c15219 _d15219 |
||